Cities by Colonial Name - Statistics

General Stats
  • This quiz has been taken 62 times
  • The average score is 7 of 16
Answer Stats
Colonial Name Current Name % Correct
Bombay Mumbai
98%
Calcutta Kolkata
82%
Leopoldville Kinshasa
77%
Rangoon Yangon
73%
Madras Chennai
66%
Batavia Jakarta
66%
Brunei Town Bandar Seri Begawan
59%
Tananarive Antananarivo
54%
Salisbury Harare
50%
Lourenço Marques Maputo
30%
Bathurst Banjul
11%
Fort Lamy N'Djamena
7%
Santa Isabel Malabo
5%
Pietersburg Polokwane
4%
Jesselton Kota Kinabalu
2%
Elisabethville Lubumbashi
2%
No matching quizzes found
Score Distribution
Percent of People with Each Score
Percentile by Number Answered
Your Score History
You have not taken this quiz